Financovanie vedy a výskumu a EÚ a na Slovensku vo svetle Lisabonskej stratégie
Vybudovanie Európy ako znalostnej ekonomiky, ktorá získa dynamiku a konkurencieschopnosť s USA. Potreba investícií do vedy a výskumu. Zefektívnenie formy priamej i nepriamej podpory výskumu a vývoja na Slovensku.
Enregistré dans:
| Auteur principal: | |
|---|---|
| Format: | Chapitre de livre |
| Langue: | slovaque |
| Sujets: | |
| Tags: |
Pas de tags, Soyez le premier à ajouter un tag!
|
MARC
| LEADER | 00000naa$a2200000$$$4500 | ||
|---|---|---|---|
| 001 | 0075821 | ||
| 005 | 20240702114641.4 | ||
| 041 | 0 | |a slo | |
| 044 | |a SK | ||
| 245 | 1 | 0 | |a Financovanie vedy a výskumu a EÚ a na Slovensku vo svetle Lisabonskej stratégie |c Vladimír Gonda |
| 520 | |a Vybudovanie Európy ako znalostnej ekonomiky, ktorá získa dynamiku a konkurencieschopnosť s USA. Potreba investícií do vedy a výskumu. Zefektívnenie formy priamej i nepriamej podpory výskumu a vývoja na Slovensku. | ||
| 610 | 2 | 0 | |a financovanie |
| 610 | 2 | 0 | |a veda |
| 610 | 2 | 0 | |a výskum |
| 610 | 2 | 0 | |a Slovensko |
| 610 | 2 | 0 | |a Európska únia |
| 610 | 2 | 0 | |a ekonomika vedomostná |
| 610 | 2 | 0 | |a investície |
| 100 | 1 | |a Gonda, Vladimír | |